00526 2200193 4500001002100000005001500021035002000036245009100056100001700147250000600164300003100170260003700201082001100238084001700249020002200266600001000288990001700298990001700315INLIS00000000000167420240123101809 a0010-01240000011 aKancil Melawan Raja Rimba :bThe Mouse Deer Against The King Of Jungle /cAhmad Filyan0 aAhmad Filyan a- a32 hlm. :bilus. ;c21 cm. aSurabaya :bSerba Jaya,c[ s.a ] a398.24 a398.24 AHM k a978-602-233-312-8 4aFabel a05253/P/2024 a05254/P/2024